000 00482nam a2200169Ia 4500
008 240729s9999 xx 000 0 und d
022 _a2692-7632
245 0 _aCyborg and Bionic Systems
260 _aUnited States
260 _bAmerican Association for the Advancement of Science (AAAS)
650 _a Cybernetics
650 _a Science (General)
650 _aScience
856 _uhttps://doaj.org/toc/643e10af77314c53b5f7672c74695ab2
942 _2ddc
942 _cDOAJEJ
999 _c69283
_d69283
945 _a1
_bMadushi Gamage
_c1
_dMadushi Gamage